Základy řecké (a latinské) filosofické terminologie

Bibliographic Details
Main Authors: Petrželka, Josef (Author), Kalaš, Andrej, 1974- (Author)
Format: Article
Language:Slovak

MARC

LEADER 00000nab a2200000 a 4500
001 vtls010705454
003 SK-MaSNL
005 20260304194104.0
008 250709s2010 xo |||||||||||||||||slo|
035 |a (urnnbn)urn:nbn:sk:snk:ar-a03zx4 
035 |a (uuid)fb3bf9a6-aef0-43b9-8ee1-0c468cf6e3d5 
035 |a urn:nbn:sk:snk-ab3a00 
040 |a SNKBUCL  |b slo  |c SNKBUCL  |e AACR2 
041 0 |a slo 
044 |a xo  |c SK 
100 1 |a Petrželka, Josef  |4 aut  |9 1528269 
245 1 0 |a Základy řecké (a latinské) filosofické terminologie  |c Josef Petrželka, Andrej Kalaš 
700 1 |a Kalaš, Andrej,  |d 1974-  |4 aut  |9 205446 
773 0 |t Filozofia  |g Roč. 65, č. 3 (2010), s. 306-308 
850 |a Slovenská národná knižnica 
852 |a Slovenská národná knižnica 
954 |a odborná, vedecká literatúra pôvodná (slovenská)  |2 lita 
958 |a article1 
958 |a OND 
958 |a EUIPO 
999 |c 3071990  |d 3073920